000 00505nam a22001691a 4500
003 NEGST
005 20110718130807.0
008 030611s1964 nyu 001 0 eng d
100 1 _aLawrence, William Appleton.
245 1 0 _aParsons, vestries and parishes :
_ba manual /
_cWilliam Appleton Lawrence.
_h[Text]
260 _aNew York
_bSeabury Press
_c1964
300 _axii, 304p.
500 _aIncludes bibliography.
590 _aAccession number: 17614
650 0 _aChurch management.
999 _c30776
_d30776